00301nam a2200121Ia 4500008004000000082001500040100001900055245003600074250000500110260004000115300001300155700001100168210210b1988 xxu||||| |||| 00| 0 eng d a909.8 MCKH aMcKAY (John P) aHistory of world societies Ed 2 a aBostonbHoughton Mifflin Co.,c1988 axvi,I-17 aothers